練習,喜歡自己 : 一天一點,比昨天更喜歡今天的自己

資料類型: Book 圖書   書目號:49702

Leader xxxxxxxxxx
001 __ PCLIS00049702
005 __ 20220611154913.0
010 0_ |a978-986-342-564-9|b平裝|dNT$320
100 __ |a20160421d2016    m  y0chiy09      e
101 0_ |achi
102 __ |atw
105 __ |aa   z   000cy
200 1_ |a練習,喜歡自己|e一天一點,比昨天更喜歡今天的自己|f肆一作
210 __ |a臺北市|c三采文化|d2016[民105]
215 0_ |a157面|c彩圖|d19公分
225 1_ |a愛寫|v5
517 1_ |a一天一點,比昨天更喜歡今天的自己|zchi
606 __ |2cst|a散文
681 __ |a855|b852
700 _0 |a肆一|f1976- |4801 _0 |atw|b內湖高中|c20160421|gCCR
詳細館藏(共 1 筆)
索 書 號登 錄 號冊次號館別 / 館藏地流通類型狀態加入預約清單電子資源
855 / 852 1023473  圖書館 / 一樓普通區 可外借30天 在館   

| 條列資料




目錄查詢 分類查詢 個人資料 圖書薦購 新書查詢 閉館日 排行榜 更多電子資源 Hami書城 線上資料庫 登出

From : 216.73.217.87

  本日流通累計至 18:44:16 借閱 : 1 次 續借 : 0 次 歸還 : 2 次 預約 : 0 次 電子資源 : 0 次


內湖高中圖書館  PCLIS 版本  26.5.0.12